| 000 | 00747cab a2200229 4500 | ||
|---|---|---|---|
| 001 | ABS54530 | ||
| 008 | 090401t1996 xxu||||| |||| 00| 0 eng d | ||
| 035 | _a(Sirsi) u10983 | ||
| 041 | _aeng | ||
| 100 | _aSingleton, D. | ||
| 245 | _aBelfast looks for shared vision of city and region | ||
| 260 | _c1996 | ||
| 350 | _a0 | ||
| 490 |
_aPlanning (for the Natural and Built Environment) _v(1155) 9 February 1996, 26-27(2) |
||
| 520 | _aHighlights the problems of achieving government aims for planning and development in Northern Ireland - with particular focus on Belfast. | ||
| 650 | _aBELFAST | ||
| 650 | _aNORTHERN IRELAND | ||
| 650 | _aPLANNING POLICY | ||
| 690 | _aPROPERTY-PROPERTY DEVELOPMENT | ||
| 942 | _n0 | ||
| 948 | _c04/03/1997 | ||
| 999 |
_c7001 _d7001 |
||